Indicador de la sociedad de la información (ISI) everis IESE : (Registro nro. 5204)

Detalles MARC
000 -LEADER
fixed length control field 01204nam a2200229Ia 4500
003 - CONTROL NUMBER IDENTIFIER
control field OSt
005 - DATE AND TIME OF LATEST TRANSACTION
control field 20200420123010.0
008 - FIXED-LENGTH DATA ELEMENTS--GENERAL INFORMATION
fixed length control field 191128s2010 sp a gr 000 0 spa d
020 ## - INTERNATIONAL STANDARD BOOK NUMBER
International Standard Book Number 18876846
040 ## - CATALOGING SOURCE
Original cataloging agency CO-JMCR
Transcribing agency CO-JMCR
041 0# - LANGUAGE CODE
Language code of text/sound track or separate title spa
082 04 - DEWEY DECIMAL CLASSIFICATION NUMBER
Classification number 303.4833 /
Item number U588i
110 1# - MAIN ENTRY--CORPORATE NAME
Corporate name or jurisdiction name as entry element Universidad de Navarra
9 (RLIN) 3226
245 10 - TITLE STATEMENT
Title Indicador de la sociedad de la información (ISI) everis IESE :
Remainder of title situación de las tecnologías de la información en Argentina, Brasil, Chile, Colombia, México y Perú /
Statement of responsibility, etc. Universidad de Navarra
260 ## - PUBLICATION, DISTRIBUTION, ETC.
Place of publication, distribution, etc. Barcelona :
Name of publisher, distributor, etc. Universidad de Navarra : Everis,
Date of publication, distribution, etc. 2010
300 ## - PHYSICAL DESCRIPTION
Extent 88 páginas :
Other physical details ilustraciones a color ;
Dimensions 30 cm.
505 ## - FORMATTED CONTENTS NOTE
Formatted contents note Principales resultados -- Situación en Latinoamérica -- Análisis de la situación de la Sociedad de la Información por país -- Opiniones de los protagonistas -- Anexos
520 ## - SUMMARY, ETC.
Summary, etc. El objetivo principal propuesto por everis y el IESE-CELA, es la creación de un indicadir capaz de estimar el grado de avance de la Sociedad de la Información en Latinomérica. Dada la complejidad de la misma.
650 14 - SUBJECT ADDED ENTRY--TOPICAL TERM
Topical term or geographic name entry element Sociedad de la información
9 (RLIN) 530
650 24 - SUBJECT ADDED ENTRY--TOPICAL TERM
Topical term or geographic name entry element Tecnologías de la información
9 (RLIN) 3227
942 ## - ADDED ENTRY ELEMENTS (KOHA)
Source of classification or shelving scheme Dewey Decimal Classification
Koha item type Books
Existencias
Withdrawn status Lost status Source of classification or shelving scheme Materials specified (bound volume or other part) Damaged status Not for loan Home library Current library Shelving location Date acquired Source of acquisition Cost, normal purchase price Total Checkouts Full call number Barcode Date last seen Copy number Price effective from Koha item type
    Dewey Decimal Classification Donación--15/04/2018--     Biblioteca Pública José María del Castillo y Rada Biblioteca Pública José María del Castillo y Rada General Stacks 11/28/2019 Donación 0.00   303.4833 / U588i 430001488 05/16/2024 Ej.1 11/28/2019 Books